000 00311nam a22001457a 4500
008 210429b ||||| |||| 00| 0 eng d
020 _a0155318179
041 _aeng
080 _a37
082 _a37
100 _a46
101 _aEDU
245 _aHarbrace College Handbook
_cHodges,J.C
942 _2udc
_cBK
999 _c56953
_d56953